Nfl teams Quiz Stats

 Plays Quiz not verified by Sporcle

Score 0/32 Timer 06:00
0 Plays Today
city team % Correct
Miamidolphins
87%
New Englandpatriots
87%
Chicagobears
87%
Buffalobills
82.6%
Pittsburghsteelers
82.6%
Jacksonvillejaguars
82.6%
Dallascowboys
82.6%
New Yorkgiants
82.6%
Philadelphiaeagles
82.6%
Detriotlions
82.6%
Minnesotavikings
82.6%
Carolinapanthers
82.6%
New Orleanssaints
82.6%
New Yorkjets
78.3%
Baltimoreravens
78.3%
Cincinnatibengals
78.3%
city team % Correct
Houstontexans
78.3%
Indianapoliscolts
78.3%
Tennesseetitans
78.3%
Denverbroncos
78.3%
Arizonacardinals
78.3%
St. louisrams
78.3%
Seattleseahawks
78.3%
Clevelandbrowns
73.9%
Kansas Citychiefs
73.9%
San Diegochargers
73.9%
Washingtonredskins
73.9%
Green Baypackers
73.9%
Atlantafalcons
73.9%
Tampa Baybuccaneers
73.9%
San Francisco49ers
73.9%
Oaklandraiders
43.5%

You're not logged in!

Compare scores with friends on all Sporcle quizzes.
OR
Log In

Show Comments

Extras

Created Jun 6, 2011ReportNominate
Tags:NFL Quiz, team

Top Quizzes Today


Score Distribution

Your Account Isn't Verified!

In order to create a playlist on Sporcle, you need to verify the email address you used during registration. Go to your Sporcle Settings to finish the process.

Report this User

Report this user for behavior that violates our Community Guidelines.

Details: